Wilson and Gisvold's textbook of organic medicinal and pharmaceutical chemistry / (Record no. 18912)
[ view plain ]
| 000 -LEADER | |
|---|---|
| fixed length control field | 00746nam a22002532 4500 |
| 001 - CONTROL NUMBER | |
| control field | 0000004945 |
| 003 - CONTROL NUMBER IDENTIFIER | |
| control field | OSt |
| 005 - DATE AND TIME OF LATEST TRANSACTION | |
| control field | 20210427123526.0 |
| 008 - FIXED-LENGTH DATA ELEMENTS--GENERAL INFORMATION | |
| fixed length control field | 070604s xx 000 0 eng d |
| 020 ## - INTERNATIONAL STANDARD BOOK NUMBER | |
| International Standard Book Number | 0781779294 |
| 040 ## - CATALOGING SOURCE | |
| Original cataloging agency | KABU |
| Transcribing agency | KABU |
| 050 #0 - LIBRARY OF CONGRESS CALL NUMBER | |
| Classification number | RS403 |
| Item number | .W55 2011 |
| 245 10 - TITLE STATEMENT | |
| Title | Wilson and Gisvold's textbook of organic medicinal and pharmaceutical chemistry / |
| Statement of responsibility, etc. | ed. by Ole Gisvold, J. H. Block, John M. Beale. |
| 250 ## - EDITION STATEMENT | |
| Edition statement | 12th ed. |
| 260 ## - PUBLICATION, DISTRIBUTION, ETC. (IMPRINT) | |
| Place of publication, distribution, etc. | New York : |
| Name of publisher, distributor, etc. | Lippincott, |
| Date of publication, distribution, etc. | 2011 |
| 300 ## - PHYSICAL DESCRIPTION | |
| Extent | x,1010p. |
| 650 #0 - SUBJECT ADDED ENTRY--TOPICAL TERM | |
| Topical term or geographic name as entry element | Chemistry, Pharmaceutical. |
| 700 1# - ADDED ENTRY--PERSONAL NAME | |
| Personal name | Wilson, C. O. |
| 700 1# - ADDED ENTRY--PERSONAL NAME | |
| Personal name | Gisvold, Ole. |
| 700 1# - ADDED ENTRY--PERSONAL NAME | |
| Personal name | Block, J. H. |
| 908 ## - PUT COMMAND PARAMETER (RLIN) | |
| Put command parameter | 070604 |
| 942 ## - ADDED ENTRY ELEMENTS (KOHA) | |
| Source of classification or shelving scheme | Library of Congress Classification |
| Koha item type | General Collection |
| Withdrawn status | Lost status | Source of classification or shelving scheme | Not for loan | Home library | Current library | Date acquired | Total Checkouts | Full call number | Barcode | Date last seen | Price effective from | Koha item type | Date last checked out |
|---|---|---|---|---|---|---|---|---|---|---|---|---|---|
| Library of Congress Classification | Kabarak, Main Campus | Kabarak, Main Campus | 27/04/2021 | RS403 .W55 2011 c.1 | 030722 | 27/04/2021 | 27/04/2021 | General Collection | |||||
| Library of Congress Classification | Kabarak, Main Campus | Kabarak, Main Campus | 27/04/2021 | RS403 .W55 2011 c.2 | 030723 | 27/04/2021 | 27/04/2021 | General Collection | |||||
| Library of Congress Classification | Kabarak, Main Campus | Kabarak, Main Campus | 27/04/2021 | RS403 .W55 2011 c.3 | 030724 | 27/04/2021 | 27/04/2021 | General Collection | |||||
| Library of Congress Classification | Kabarak, Main Campus | Kabarak, Main Campus | 27/04/2021 | 2 | RS403 .W55 2011 c.4 | 030725 | 15/06/2026 | 27/04/2021 | General Collection | 28/05/2026 |